Таблицы и примеры для расчета трубопроводов отопления и горячего водоснабжения

গ্রন্থ-পঞ্জীর বিবরন
প্রধান লেখক: Гамбург П. Ю.
ভাষা:রুশ
প্রকাশিত: Москва, Изд-во лит-ры по строительству и архитектуре, 1961
সংস্করন:2-е изд.
বিষয়গুলি:
বিন্যাস: গ্রন্থ
KOHA link:https://koha.lib.tpu.ru/cgi-bin/koha/opac-detail.pl?biblionumber=372329

MARC

LEADER 00000nam0a2200000 4500
001 372329
005 20231102012451.0
035 |a (RuTPU)RU\TPU\retro\29752 
035 |a RU\TPU\book\227322 
090 |a 372329 
100 |a 20221214d1961 m y0rusy50 ca 
101 0 |a rus 
102 |a RU 
105 |a y z 000zy 
200 1 |a Таблицы и примеры для расчета трубопроводов отопления и горячего водоснабжения  |f П. Ю. Гамбург 
205 |a 2-е изд. 
210 |a Москва  |c Изд-во лит-ры по строительству и архитектуре  |d 1961 
215 |a 196 с. 
606 |a Водоснабжение горячее  |2 stltpush  |3 (RuTPU)RU\TPU\subj\3033  |9 31497 
610 1 |a водоснабжение 
610 1 |a трубопроводы 
610 1 |a водяное отопление 
610 1 |a горячее водоснабжение 
610 1 |a течения 
610 1 |a паровое отопление 
610 1 |a конденсатопроводов 
610 1 |a отопительные приборы 
610 1 |a расчеты 
610 1 |a примеры 
610 1 |a расчетные таблицы 
675 |a 624.81  |v 3 
675 |a 628.814  |v 3 
700 1 |a Гамбург  |b П. Ю. 
801 1 |a RU  |b 63413507  |c 20120201 
801 2 |a RU  |b 63413507  |c 20221214  |g RCR 
942 |c BK